|
|
|
|
| LEADER |
00000cam a2200000 4500 |
| 001 |
vtls011974522 |
| 003 |
SK-MaSNL |
| 005 |
20260301053338.0 |
| 008 |
220107s2019 xo oae grcn 000 0 slo |
| 015 |
|
|
|a SNBA2021/01
|
| 020 |
|
|
|a 9788089315697
|q (viazané)
|
| 035 |
|
|
|a urn:nbn:sk:snk-am00g4ux
|
| 035 |
|
|
|a urn:nbn:sk:snk-am3iyrk
|
| 035 |
|
|
|a 82A3C00A-2AE8-4145-95CD-AA76F0B9CA28
|
| 040 |
|
|
|a SNK
|b slo
|c SNK
|e rda
|
| 041 |
0 |
|
|a slo
|b eng
|
| 043 |
|
|
|a e-xo---
|
| 044 |
|
|
|a xo
|c SK
|
| 072 |
|
7 |
|a 902
|x Archeológia
|2 konspekt
|
| 080 |
|
|
|a 902.2
|2 2011
|
| 080 |
|
|
|a 902:904
|2 2011
|
| 080 |
|
|
|a 904:72
|2 2011
|
| 080 |
|
|
|a 726.5
|2 2001
|
| 080 |
|
|
|a 726:27-523.43
|2 2011
|
| 080 |
|
|
|a (437.672)
|2 2011
|
| 080 |
|
|
|a (048.8)
|2 2011
|
| 080 |
|
|
|a (083.82)
|2 2011
|
| 100 |
1 |
|
|a Bielich, Mário,
|d 1978-
|4 aut
|9 28189
|
| 245 |
1 |
0 |
|a Archeologický výskum Kaplnky sv. Michala v Košiciach
|c Mário Bielich ; s príspevkami Jána Tirpáka, Mariána Čurného, Jána Hunku, Terezy Štolcovej a Juraja Zajonca, Jany Mihályiovej, Jána Jahna
|
| 264 |
|
1 |
|a Nitra
|b Archeologický ústav Slovenskej akadémie vied
|c 2019
|
| 300 |
|
|
|a 128 strán
|b fotografie, ilustrácie, plány
|c 30 cm
|
| 336 |
|
|
|a text
|b txt
|2 rdacontent
|
| 337 |
|
|
|a bez média
|b n
|2 rdamedia
|
| 338 |
|
|
|a zväzok
|b nc
|2 rdacarrier
|
| 490 |
1 |
|
|a Archaeologica Slovaca Monographiae : Catalogi
|v tomus XXI
|
| 500 |
|
|
|a "Publikácia vznikla v rámci zavŕšenia projektu Centrum výskumu najstarších dejín stredného Podunajska financovaného zo Štrukturálnych fondov Európskej únie a s podporou operačného programu Výskum a vývoj a projektu Vedeckej grantovej agentúry Ministerstva školstva SR a Slovenskej akamémie vied (VEGA 2/0175/16)
|
| 504 |
|
|
|a Bibliografia na strane 101-103
|
| 546 |
|
|
|a Anglické resumé
|
| 610 |
2 |
7 |
|a Kaplnka sv. Michala (Košice, Slovensko)
|2 SNKKA
|9 173711
|
| 650 |
0 |
7 |
|a archeologické výskumy
|2 SNKPH
|9 74796
|
| 650 |
0 |
7 |
|a archeologické nálezy
|2 SNKPH
|9 4975
|
| 650 |
0 |
7 |
|a národné kultúrne pamiatky
|2 SNKPH
|9 31192
|
| 650 |
0 |
7 |
|a cirkevné stavby
|2 SNKPH
|9 3022
|
| 650 |
0 |
7 |
|a kaplnky
|2 SNKPH
|9 3026
|
| 650 |
0 |
7 |
|a Excavations (archaeology)
|2 SNKPHeng
|9 266742
|
| 650 |
0 |
7 |
|a Antiquities
|2 SNKPHeng
|9 101106
|
| 650 |
0 |
7 |
|a National cultural monuments
|2 SNKPHeng
|9 337379
|
| 650 |
0 |
7 |
|a Church buildings
|2 SNKPHeng
|9 107318
|
| 650 |
0 |
7 |
|a Chapels
|2 SNKPHeng
|9 332054
|
| 651 |
|
7 |
|a Košice (Slovensko)
|2 SNKPHgeo
|9 18694
|
| 651 |
|
7 |
|a Košice (Slovakia)
|2 SNKPHeng
|9 265902
|
| 655 |
|
7 |
|a štúdie
|2 SNKPH
|9 57033
|
| 655 |
|
7 |
|a katalógy
|2 SNKPH
|9 60821
|
| 655 |
|
7 |
|a Studies
|2 SNKPHeng
|9 265573
|
| 655 |
|
7 |
|a Catalogs
|2 SNKPHeng
|9 266059
|
| 700 |
1 |
|
|a Čurný, Marián,
|d 1980-
|4 aut
|9 28193
|
| 700 |
1 |
|
|a Hunka, Ján,
|d 1958-2021
|4 aut
|9 211368
|
| 700 |
1 |
|
|a Jahn, Ján,
|d 1952-
|4 aut
|9 241811
|
| 700 |
1 |
|
|a Mihályiová, Jana
|c (archeobotanička)
|4 aut
|9 13446
|
| 700 |
1 |
|
|a Štolcová, Tereza,
|d 1977-
|4 aut
|9 161566
|
| 700 |
1 |
|
|a Tirpák, Ján,
|d 1950-
|4 aut
|9 39653
|
| 700 |
1 |
|
|a Zajonc, Juraj,
|d 1964-
|4 aut
|9 101529
|
| 830 |
|
0 |
|a Archaeologica Slovaca Monographiae
|9 354031
|
| 830 |
|
0 |
|a Catalogi
|9 354032
|
| 919 |
|
|
|a 978-80-89315-69-7
|
| 958 |
|
|
|a NB
|
| 999 |
|
|
|c 608113
|d 610043
|
| 952 |
|
|
|a SNK
|b SNK
|y PREZ
|7 0
|p 17A1442494
|o snkSB 95817
|i snk2020/14898
|8 0
|0 0
|1 0
|4 0
|d 2020-08-24
|f 1
|l 0
|r 2025-05-19 00:00:00
|w 2026-02-23
|
| 952 |
|
|
|a SNK
|b SNK
|y VYP
|7 0
|p 17A1442495
|o snkSB 95817 D1
|i snk2020/14899
|8 0
|0 0
|1 0
|4 0
|d 2020-08-24
|l 0
|r 2026-02-23 16:14:40
|w 2026-02-23
|